000 00400nam a2200169Ia 4500
008 230524s9999 xx 000 0 und d
020 _a9780070529120
082 _a5.2762
_bKEO
100 _aJim Keogh
245 4 _aThe Complete Reference J2EE
250 _a1
260 _aNew Delhi
_bMGH
_c2015
300 _a"xxvii,872p;"
500 _aQuantity Number: 5
650 _aComp.Sc
942 _cBK
999 _c59143
_d59143